[Event "GRE-ch U16 Girls"]
[Site "Porto Rio"]
[Date "2016.07.04"]
[Round "9"]
[White "Papaefstratiou, Despina"]
[Black "Bouza, Mirto Eleni"]
[Result "1-0"]
[WhiteElo "1330"]
[BlackElo "1324"]
[PlyCount "127"]
[EventDate "2016.06.28"]
[EventType "swiss"]
[EventRounds "9"]
[EventCountry "GRE"]
[SourceTitle "CBM 173 Extra"]
[Source "ChessBase"]
[SourceDate "2016.08.29"]
[SourceVersion "1"]
[SourceVersionDate "2016.08.29"]
[SourceQuality "1"]

1. e3 Nf6 2. b3 e6 3. Bb2 Be7 4. Nc3 b6 5. f4 d5 6. Nf3 Bb7 7. Ne5 Nbd7 8. Bb5 a6 9. Bxd7+ Nxd7 10. Nxd7 Qxd7 11. Qf3 0-0-0 12. Ne2 Rhg8 13. 0-0-0 d4 14. Qh5 d3 15. cxd3 Bxg2 16. Rhg1 Qc6+ 17. Kb1 Bf3 18. Nd4 Rxd4 19. Qxf7 Rdd8 20. Qxe7 Bxd1 21. Rxd1 Qd7 22. Qxd7+ Rxd7 23. Bd4 c5 24. Rc1 Kb7 25. Be5 Rxd3 26. Rc2 Rgd8 27. Kc1 g6 28. h4 Rf8 29. Kd1 Rf5 30. Ke2 Rd7 31. Kf3 h6 32. Ke4 Rdf7 33. d4 cxd4 34. exd4 g5 35. fxg5 hxg5 36. h5 Rf2 37. Rc3 Rh7 38. Rh3 Rxa2 39. h6 g4 40. Rh4 Rg2 41. Bg7 g3 42. Kf4 Rg1 43. Kg5 Rb1 44. Rg4 Rxb3 45. Kg6 Rxh6+ 46. Bxh6 a5 47. Kf6 a4 48. Kxe6 a3 49. Bg7 a2 50. d5 Re3+ 51. Kd7 b5 52. d6 b4 53. Rxb4+ Ka6 54. Ra4+ Kb7 55. Rxa2 Rf3 56. Bd4 Rd3 57. Be5 Rf3 58. Rg2 Re3 59. Bxg3 Re4 60. Rc2 Re3 61. Bh4 Re4 62. Be7 Re3 63. Ke8 Rd3 64. d7 1-0

[Event "GRE-ch U16 Girls"]
[Site "Porto Rio"]
[Date "2016.07.01"]
[Round "6"]
[White "Bouza, Mirto Eleni"]
[Black "Plouska, Antigoni"]
[Result "1-0"]
[WhiteElo "1324"]
[BlackElo "1205"]
[PlyCount "51"]
[EventDate "2016.06.28"]
[EventType "swiss"]
[EventRounds "9"]
[EventCountry "GRE"]
[SourceTitle "CBM 173 Extra"]
[Source "ChessBase"]
[SourceDate "2016.08.29"]
[SourceVersion "1"]
[SourceVersionDate "2016.08.29"]
[SourceQuality "1"]

1. e4 c5 2. Nf3 Nc6 3. Bb5 g6 4. Bxc6 bxc6 5. Nc3 Bg7 6. d3 Nf6 7. e5 Nd5 8. Ne4 d6 9. exd6 exd6 10. 0-0 Bf5 11. Ng3 Be6 12. Ng5 Bd7 13. Re1+ Ne7 14. Qf3 0-0 15. c3 Be5 16. Bf4 Qc7 17. Bxe5 dxe5 18. Qf6 Nd5 19. Qxe5 Qb6 20. c4 Nb4 21. Qc3 Rad8 22. a3 Na6 23. N5e4 f5 24. Nf6+ Kf7 25. Nxh7 Rfe8 26. Qf6+ 1-0

[Event "GRE-ch U16 Girls"]
[Site "Porto Rio"]
[Date "2016.06.30"]
[Round "4"]
[White "Bouza, Mirto Eleni"]
[Black "Kouta, Vasiliki"]
[Result "1/2-1/2"]
[WhiteElo "1324"]
[BlackElo "1329"]
[PlyCount "69"]
[EventDate "2016.06.28"]
[EventType "swiss"]
[EventRounds "9"]
[EventCountry "GRE"]
[SourceTitle "CBM 173 Extra"]
[Source "ChessBase"]
[SourceDate "2016.08.29"]
[SourceVersion "1"]
[SourceVersionDate "2016.08.29"]
[SourceQuality "1"]

1. e4 e6 2. d4 d5 3. Nc3 Bb4 4. exd5 exd5 5. Bd3 c6 6. Nge2 Ne7 7. 0-0 0-0 8. Ng3 Nd7 9. a3 Ba5 10. Qf3 Ng6 11. Nf5 Nh4 12. Qg3 Nxf5 13. Bxf5 Bc7 14. Qf3 Nf6 15. Bg5 Qd6 16. g3 Bxf5 17. Qxf5 Qe6 18. Qf3 Ne4 19. Nxe4 dxe4 20. Qe3 h6 21. Bf4 Bb6 22. Qc3 Rad8 23. Rad1 Qd5 24. Be3 Rd7 25. Qd2 Rfd8 26. c3 a6 27. Qc2 Ba7 28. Rd2 f5 29. Rfd1 g5 30. Re2 c5 31. c4 Qd6 32. d5 Re7 33. Rde1 Rde8 34. Qc1 Rg7 35. Kh1 1/2-1/2

[Event "GRE-chT 43rd"]
[Site "Porto Rio"]
[Date "2015.10.12"]
[Round "7.7"]
[White "Palioura, Paraskevi"]
[Black "Bouza, Mirto Eleni"]
[Result "1-0"]
[WhiteElo "1220"]
[BlackElo "1359"]
[PlyCount "119"]
[EventDate "2015.10.08"]
[EventType "team-swiss"]
[EventRounds "7"]
[EventCountry "GRE"]
[SourceTitle "CBM 168 Extra"]
[Source "ChessBase"]
[SourceDate "2015.10.29"]
[SourceVersion "1"]
[SourceVersionDate "2015.10.29"]
[SourceQuality "1"]
[WhiteTeam "Von Heraklion Contact"]
[BlackTeam "Glyfadas Zenon"]
[WhiteTeamCountry "GRE"]
[BlackTeamCountry "GRE"]

1. d4 Nf6 2. c4 e6 3. Nc3 Bb4 4. Qb3 Bxc3+ 5. Qxc3 b6 6. Nf3 Bb7 7. g3 0-0 8. Bg2 d5 9. b3 Nbd7 10. 0-0 Rc8 11. Bb2 Ne4 12. Qd3 Ndf6 13. Ne5 Re8 14. f3 dxc4 15. bxc4 Nd6 16. e4 Ba6 17. Rac1 Ra8 18. Qa3 Bb7 19. d5 Nd7 20. Ng4 Qe7 21. Qc3 f6 22. Rfe1 Nf7 23. h4 Nc5 24. Ba3 Na4 25. Bxe7 Nxc3 26. dxe6 Nd8 27. Bxd8 Nxa2 28. Ra1 Raxd8 29. Rxa2 a5 30. c5 Rxe6 31. cxb6 cxb6 32. Ne3 Ra8 33. Nc4 a4 34. Rb1 Ra6 35. Bf1 Ra7 36. Nxb6 Bc6 37. Bc4 Kf7 38. Bxe6+ Kxe6 39. Rba1 Kf7 40. Nxa4 Rb7 41. Nc5 Rb5 42. Ra5 Rb4 43. Kf2 Rb2+ 44. Ke3 Kg6 45. Ne6 Kh6 46. Kf4 Bd7 47. Nf8 Be8 48. g4 Rb8 49. g5+ Kh5 50. gxf6+ Kh6 51. fxg7 Kxg7 52. Ne6+ Kf7 53. Ng5+ Kg7 54. Ra8 Rxa8 55. Rxa8 Bg6 56. e5 Bd3 57. e6 Kf6 58. Ra7 Bc4 59. e7 Bb5 60. Nxh7+ 1-0

[Event "GRE-ch U12 Girls"]
[Site "Patras"]
[Date "2013.07.14"]
[Round "9.5"]
[White "Papaefstratiou, Despina"]
[Black "Bouza, Mirto Eleni"]
[Result "0-1"]
[WhiteElo "1223"]
[BlackElo "1326"]
[PlyCount "132"]
[EventDate "2013.07.08"]
[EventType "swiss"]
[EventRounds "9"]
[EventCountry "GRE"]
[SourceTitle "EXT 2024"]
[Source "ChessBase"]
[SourceDate "2023.10.10"]
[SourceVersion "1"]
[SourceVersionDate "2023.10.10"]
[SourceQuality "1"]

1. e4 c5 2. Nf3 e6 3. d4 cxd4 4. Nxd4 Nf6 5. Nc3 Bb4 6. Bd3 e5 7. Nb3 d5 8. 0-0 Bxc3 9. bxc3 dxe4 10. Bb5+ Bd7 11. Bc4 0-0 12. f4 exf4 13. Bxf4 Qc8 14. Bd5 Nxd5 15. Qxd5 Rd8 16. Bxb8 Be6 17. Qxe4 Rxb8 18. Nd4 Bd5 19. Qe3 Re8 20. Qg3 Qc5 21. Kh1 Rbc8 22. Nf5 Qxc3 23. Nd6 Re3 24. Qxe3 Qxe3 25. Nxc8 Qd2 26. Ne7+ Kf8 27. Nxd5 Qxd5 28. Rfe1 Qc4 29. Rad1 g6 30. Rd7 Qxc2 31. Rxb7 Qxa2 32. h3 Qa6 33. Ree7 Qf6 34. Rec7 a6 35. Ra7 Qf5 36. Kg1 a5 37. Ra8+ Kg7 38. Rca7 h5 39. Rxa5 Qf6 40. R8a6 Qd4+ 41. Kh2 Qf4+ 42. Kg1 Qe3+ 43. Kf1 Qf4+ 44. Ke2 Qe4+ 45. Kf2 Qf4+ 46. Ke2 Qe4+ 47. Kd1 Qxg2 48. Ra3 Qf1+ 49. Kc2 Qe2+ 50. Kb3 Qd3+ 51. Kb4 Qd4+ 52. Kb5 Qd5+ 53. Kb6 Qd6+ 54. Kb7 Qd7+ 55. Kb8 Qd8+ 56. Kb7 Qd7+ 57. Kb6 Qd6+ 58. Kb5 Qd5+ 59. Kb4 Qd4+ 60. Kb3 f5 61. Rc6 f4 62. Raa6 Qd3+ 63. Rc3 Qxa6 64. Rc4 f3 65. Rf4 Qe6+ 66. Kc2 Qxh3 0-1

[Event "GRE-ch U12 Girls"]
[Site "Patras"]
[Date "2013.07.10"]
[Round "4.5"]
[White "Anthopoulou, Ioanna"]
[Black "Bouza, Mirto Eleni"]
[Result "1-0"]
[WhiteElo "1295"]
[BlackElo "1326"]
[PlyCount "126"]
[EventDate "2013.07.08"]
[EventType "swiss"]
[EventRounds "9"]
[EventCountry "GRE"]
[SourceTitle "EXT 2024"]
[Source "ChessBase"]
[SourceDate "2023.10.10"]
[SourceVersion "1"]
[SourceVersionDate "2023.10.10"]
[SourceQuality "1"]

1. e4 c5 2. Nf3 e6 3. Nc3 a6 4. Be2 Qc7 5. d3 b5 6. Be3 Bb7 7. Nb1 d6 8. Nbd2 Nd7 9. 0-0 d5 10. c3 Ngf6 11. Qc2 Be7 12. Rac1 0-0 13. Ne1 Qc6 14. f3 Rac8 15. Bg5 h6 16. Bh4 Rfe8 17. Bxf6 Bxf6 18. f4 dxe4 19. dxe4 e5 20. f5 Bg5 21. Nef3 Be3+ 22. Kh1 Nf6 23. Rcd1 Bxd2 24. Nxd2 Rcd8 25. Nb3 Qc7 26. Bf3 c4 27. Nc1 Qb8 28. Ne2 Qa8 29. Ng3 h5 30. h4 Rd7 31. Rxd7 Nxd7 32. Nxh5 Nc5 33. Ng3 Rd8 34. Re1 Rd3 35. Qf2 Nd7 36. Be2 Rd2 37. Rd1 Rxd1+ 38. Bxd1 Bxe4 39. Bf3 Bxf3 40. Qxf3 Qxf3 41. gxf3 Kf8 42. Kg2 Ke7 43. h5 Nc5 44. Kh3 Na4 45. Ne4 Nxb2 46. Kg4 Nd3 47. Kg5 Nf4 48. f6+ gxf6+ 49. Nxf6 Ke6 50. Ne4 a5 51. h6 Ng6 52. h7 b4 53. Kh5 Ke7 54. Kh6 b3 55. axb3 cxb3 56. Nd2 a4 57. Nb1 Kf6 58. c4 Ke6 59. Kg7 Ke7 60. c5 Ke6 61. c6 Kd6 62. Kxf7 Kxc6 63. Kxg6 Kd5 1-0

[Event "GRE-ch U12 Girls"]
[Site "Patras"]
[Date "2013.07.09"]
[Round "3.3"]
[White "Bouza, Mirto Eleni"]
[Black "Petraki, Argiro"]
[Result "0-1"]
[WhiteElo "1326"]
[BlackElo "1206"]
[PlyCount "52"]
[EventDate "2013.07.08"]
[EventType "swiss"]
[EventRounds "9"]
[EventCountry "GRE"]
[SourceTitle "EXT 2024"]
[Source "ChessBase"]
[SourceDate "2023.10.10"]
[SourceVersion "1"]
[SourceVersionDate "2023.10.10"]
[SourceQuality "1"]

1. e4 c5 2. Nf3 d6 3. d4 cxd4 4. Nxd4 Nf6 5. Nc3 a6 6. Be3 b5 7. a4 b4 8. Nd5 Nxe4 9. Nxb4 Bb7 10. Be2 a5 11. Nd3 e6 12. f3 Nf6 13. h3 Nbd7 14. g4 Nb6 15. g5 Nfd7 16. h4 Rc8 17. h5 Be7 18. g6 hxg6 19. f4 Bxh1 20. hxg6 fxg6 21. Nxe6 Bh4+ 22. Bf2 Bxf2+ 23. Nxf2 Qf6 24. Nd4 Qxf4 25. Nd3 Qxd4 26. Qd2 Nc4 0-1

[Event "GRE-chT U16"]
[Site "Patras"]
[Date "2012.12.15"]
[Round "1.6"]
[White "Tsolakidou, Stavroula"]
[Black "Bouza, Mirto Eleni"]
[Result "1-0"]
[WhiteElo "1889"]
[BlackElo "1308"]
[PlyCount "67"]
[EventDate "2012.12.15"]
[EventType "team"]
[EventRounds "5"]
[EventCountry "GRE"]
[SourceTitle "EXT 2020"]
[Source "ChessBase"]
[SourceDate "2019.10.17"]
[SourceVersion "1"]
[SourceVersionDate "2019.10.17"]
[SourceQuality "1"]

1. e4 c5 2. Nf3 e6 3. d4 cxd4 4. Nxd4 a6 5. c4 Nf6 6. Nc3 Bb4 7. Qc2 Nc6 8. Nxc6 dxc6 9. a3 Bc5 10. Be2 e5 11. Bg5 Qe7 12. 0-0 0-0 13. Rad1 Bd7 14. Bxf6 gxf6 15. Kh1 Rad8 16. b4 Bd4 17. c5 Bxc3 18. Qxc3 Kh8 19. f4 exf4 20. Rxf4 Qe5 21. Qf3 Rfe8 22. h3 Re7 23. Rxf6 Qxe4 24. Qxe4 Rxe4 25. Bg4 Re7 26. Rfd6 Re3 27. Rxd7 Rxd7 28. Rxd7 Rxa3 29. Rxb7 a5 30. b5 cxb5 31. c6 Rc3 32. c7 a4 33. c8Q+ Rxc8 34. Bxc8 1-0

[Event "GRE-chT 40th"]
[Site "Achaia"]
[Date "2012.07.01"]
[Round "3.9"]
[White "Poulopoulou, Ekaterini"]
[Black "Bouza, Mirto Eleni"]
[Result "1-0"]
[WhiteElo "1444"]
[BlackElo "1291"]
[PlyCount "137"]
[EventDate "2012.06.30"]
[EventType "team-swiss"]
[EventRounds "7"]
[EventCountry "GRE"]
[SourceTitle "CBM 149 Extra"]
[Source "ChessBase"]
[SourceDate "2012.08.24"]
[SourceVersion "1"]
[SourceVersionDate "2012.08.24"]
[SourceQuality "1"]
[WhiteTeam "Panionios"]
[BlackTeam "Glyfadas Zenon"]
[WhiteTeamCountry "GRE"]
[BlackTeamCountry "GRE"]

1. e4 c5 2. Nc3 e6 3. g3 a6 4. Bg2 Qc7 5. d3 d6 6. Nge2 Nf6 7. h3 Be7 8. Be3 Nc6 9. 0-0 0-0 10. f4 Bd7 11. g4 h6 12. Ng3 Rad8 13. g5 hxg5 14. fxg5 Nh7 15. Qh5 d5 16. g6 fxg6 17. Qxg6 Ne5 18. Qh5 Be8 19. Rxf8+ Nxf8 20. Qe2 d4 21. Bf4 dxc3 22. bxc3 Nfg6 23. Nh5 Nxf4 24. Nxf4 Qd6 25. Rf1 Bg5 26. Qf2 Bxf4 27. Qxf4 Ba4 28. Rf2 Rf8 29. Qg3 Rxf2 30. Qxf2 Ng6 31. Kh1 Nf4 32. Bf1 Nh5 33. Bg2 Qb6 34. Bf3 Nf6 35. Kg2 Nd7 36. Bh5 Nf6 37. Bf3 Qb5 38. e5 Nd7 39. Bh5 Qc6+ 40. Kg1 Kh7 41. Qh4 Kg8 42. Qf4 Kh8 43. Qh4 Kg8 44. Qf4 Qb6 45. Bf7+ Kf8 46. Bh5+ Ke7 47. Qh4+ Nf6 48. exf6+ gxf6 49. Qxa4 Qd8 50. Qg4 Qf8 51. Qe4 Qg8+ 52. Qg2 Qc8 53. Qg7+ Kd6 54. Qxf6 a5 55. Bg4 Qe8 56. Qxe6+ Qxe6 57. Bxe6 Kxe6 58. Kf2 Kf5 59. Ke3 b6 60. d4 Kg5 61. dxc5 bxc5 62. Ke4 Kh4 63. Kd5 Kxh3 64. Kxc5 Kg4 65. Kd6 Kf4 66. c4 Ke3 67. Kc5 Ke4 68. Kb5 Kd4 69. c3+ 1-0